00405nam a2200145Ia 4500008004100000020001800041041000800059082001600067100002100083245004900104250000600153260006400159300001100223650002500234210716s2013 xx 000 0 und d a9789382332442 aeng a004.69 GROD aGrover, Daminni. aAdvanced internet technology and e commerce. a1 aNew DelhibI K International Publishing House Pvt Ltdc2013 axv,384 aInternet / Mutimedia